Statistiques concernant Langues - 10 plus grandes langues slaves

Cliquez ici pour prendre le quiz!

Statistiques générales

  • Ce quiz a été pris 146 fois
  • Le résultat moyen est 9 sur 10

Statistiques - réponses

#Langues% Correct
160 mil.Russe
100%
42,7 mil.Polonais
95%
11,1 mil.Serbe
93%
11,5 mil.Tchèque
93%
5 mil.Slovaque
92%
39,5 mil.Ukrainien
92%
6,2 mil.Croate
91%
9 millBulgare
85%
9 mil.Biélorusse
80%
4 mil.Bosnien
59%

Distribution des résultats

Percentile par nombre de réponses

% des personnes avec chaque résultat

Votre développement - résultats

Vous n’avez pas pris ce quiz